| Tag |
First Indicator |
Second Indicator |
Subfields |
| LEADER |
00000cam a2200000 a 4500 |
| 001 |
in00000414321 |
| 005 |
20151012063404.0 |
| 008 |
820312s1981 enk b 001 0 eng d |
| 015 |
|
|
|a GB8138356
|2 bnb
|
| 016 |
7 |
|
|a 007060015
|2 Uk
|
| 020 |
|
|
|a 0140444211 (pbk.)
|
| 020 |
|
|
|a 9780140444216 (pbk.)
|
| 035 |
|
|
|a (OCoLC)08240156
|
| 035 |
|
|
|9 ABV9776AM
|
| 040 |
|
|
|a DHU
|c DHU
|d TXA
|d UtOrBLW
|
| 041 |
1 |
|
|a eng
|h grc
|
| 049 |
|
|
|a TXAM
|
| 050 |
|
4 |
|a JC71.A41
|b S5 1981
|
| 082 |
0 |
4 |
|a 185
|
| 090 |
|
|
|a JC71.A41
|b S5 1981
|
| 100 |
0 |
|
|a Aristotle.
|
| 240 |
1 |
0 |
|a Politics.
|l English
|
| 245 |
1 |
4 |
|a The politics /
|c Aristotle ; translated by T. A. Sinclair ; rev. and re-presented by Trevor J. Saunders.
|
| 250 |
|
|
|a Rev. ed.
|
| 264 |
|
1 |
|a Harmondsworth, England ;
|a New York, N.Y. :
|b Penguin Books,
|c 1981.
|
| 300 |
|
|
|a 506 pages ;
|c 18 cm.
|
| 336 |
|
|
|a text
|b txt
|2 rdacontent
|
| 337 |
|
|
|a unmediated
|b n
|2 rdamedia
|
| 338 |
|
|
|a volume
|b nc
|2 rdacarrier
|
| 490 |
1 |
|
|a Penguin classics
|
| 504 |
|
|
|a Includes bibliographical references (pages 477-488) and index.
|
| 536 |
|
|
|a In memory of Dr. Robert Wick ; August, 1998.
|
| 650 |
|
0 |
|a Political science
|v Early works to 1800.
|
| 700 |
1 |
|
|a Sinclair, T. A.
|q (Thomas Alan),
|d 1899-1961.
|
| 830 |
|
0 |
|a Penguin classics.
|
| 999 |
|
|
|a MARS
|
| 999 |
f |
f |
|s 5f69acb7-6d8c-340a-a24f-6e8b79d9bef7
|i edb6b863-3277-312a-8285-9a13c2e874d7
|t 0
|
| 952 |
f |
f |
|p normal
|a Texas A&M University
|b College Station
|c Sterling C. Evans Library
|s Evans stk
|d Evans: Library Stacks
|t 0
|e JC71.A41 S5 1981
|h Library of Congress classification
|i unmediated -- volume
|m A14809679853
|
| 952 |
f |
f |
|p ric
|a Texas A&M University
|b Rellis Campus
|c Joint Library Facility
|s JLF
|d Remote Storage
|t 0
|e JC71.A41 S5 1981
|h Library of Congress classification
|i unmediated -- volume
|m A14823696518
|
| 998 |
f |
f |
|a JC71.A41 S5 1981
|t 0
|l Remote Storage
|
| 998 |
f |
f |
|a JC71.A41 S5 1981
|t 0
|l Evans: Library Stacks
|